LEADER 02661nlm0 22003731i 450 001 UON00530717 005 20260407033244.518 010 $a978-01-918959-8-2$be-book 100 $a20260319d2025 |0itac50 ba 101 $aeng 102 $aGB 105 $a||||X ||||| 181 $ai$b e 182 $ab 200 1 $aˆA ‰Guide to Gender and Classifiers$fAlexandra Y. Aikhenvald 210 $aOxford$cOxford University Press$d2025 215 $a1 risorsa online (xxiv, 403 p.$cill.) 330 $aGender is the most widespread means of noun categorization. Genders?frequently, masculine and feminine?constitute grammatical classes of nouns based on core semantic properties such as sex (female and male), animacy, humanness, and also shape and size. Traditional grammar used the term ?gender? for categories in Indo-European and Semitic languages which typically involve masculine and feminine. As linguists roamed further afield, they met larger systems which did not necessarily involve just masculine and feminine. The label ?noun class? came into use for these. Gender can be realized covertly, via agreement on an adjective, a demonstrative, an article, or a verb, or also be marked on the noun itself?this is known as overt gender. Gender assignment always involves meaning, but the choice can be transparent or opaque. Gender can be chosen based on morphological and phonological features of a noun. Loans and neologisms are a testing ground for gender choice. 410 1$1001UON00505361$12001 $aOxford scholarship online$1210 $aOxford$cOxford University Press. 606 $aGenere (Grammatica)$3UONC034070$2FI 606 $aSemantica$3UONC000768$2FI 606 $aSociolinguistica$3UONC005782$2FI 620 $aGB$dOxford$3UONL000029 676 $a410$cLinguistica$v21 700 1$aAikhenvald$bAlexandra Y.$3UONV054783$0317446 712 $aOxford University Press$3UONV245947$4650 801 $aIT$bSOL$c20260410$gRICA 856 4 $uhttps://academic.oup.com/book/59732$zAccesso per utenti con proxy server attivo 856 4 $uhttps://academic.oup.com/book/59732$zAccesso per utenti con proxy server attivo 912 $aUON00530717 951 $aSIBA - SISTEMA BIBLIOTECARIO DI ATENEO E ARCHIVIO STORICO$bSI2026826 1A 20260319 951 $aSIBA - SISTEMA BIBLIOTECARIO DI ATENEO E ARCHIVIO STORICO$bSI2026832 1A 20260323 996 $aGuide to gender and classifiers$94405808 997 $aUNIOR